书目信息 |
| 题名: |
晚报新闻学
|
|
| 作者: | 刘富 张未民 | |
| 分册: | ||
| 出版信息: | 北京 中国广播电视出版社 36526 |
|
| 页数: | 194 | |
| 开本: | 20cm | |
| 丛书名: | ||
| 单 册: | ||
| 中图分类: | G216.2 | |
| 科图分类: | ||
| 主题词: | 新闻学 , 新闻工作 | |
| 电子资源: | ||
| ISBN: | 7-5043-3457-X | |
| 000 | 00541nam0 2200193 450 | |
| 001 | 0754273534 | |
| 005 | 20071011150433.53 | |
| 010 | @a7-5043-3457-X@d11 | |
| 100 | @a20071011d km y0chiy0120 ea | |
| 101 | 0 | @achi |
| 200 | 1 | @a晚报新闻学@Awan bao xin wen xue@f刘富 张未民@Fliu fu zhang wei min |
| 210 | @a北京@c中国广播电视出版社@d36526 | |
| 215 | @a194@d20cm | |
| 606 | 0 | @a新闻学 |
| 606 | 0 | @a新闻工作 |
| 690 | @aG216.2@v3 | |
| 701 | 0 | @a刘富 张未民@Aliu fu zhang wei min |
| 801 | 0 | @aCN@bPFT@c20071011 |
| 905 | @a213230@dG216.2@eZW91@f1 | |
| 晚报新闻学/刘富 张未民.-北京:中国广播电视出版社,36526 |
| 194;20cm |
| ISBN 7-5043-3457-X:11 |
| ● |
| 相关链接 |
|
|
|
|
正题名:晚报新闻学
索取号:G216.2/ZW91
 
预约/预借
| 序号 | 登录号 | 条形码 | 馆藏地/架位号 | 状态 | 备注 |
| 1 | 7613710 | 276137100 | 密集书库-文学院/ [索取号:G216.2/ZW91] | 在馆 |